| 000 | 00510nam a22001697a 4500 | ||
|---|---|---|---|
| 003 | NUST | ||
| 005 | 20220822150839.0 | ||
| 008 | 220822b ||||| |||| 00| 0 eng d | ||
| 020 | _a9781466294981 | ||
| 038 | _aAzhar | ||
| 082 |
_a658.0071 _bABR |
||
| 100 |
_aLinda Abraham and Judy Gruen _998322 |
||
| 245 |
_aMBA Admission for smarties _bthe no-nonsense guide to acceptance at top business schools _cLinda Abraham and Judy Gruen |
||
| 260 |
_aCalifornia _bAccepted _c- |
||
| 300 | _a180p | ||
| 942 |
_2ddc _cLC |
||
| 999 |
_c591261 _d591261 |
||